| 000 | 00960 a2200313 4500 | ||
|---|---|---|---|
| 001 | 200131242 | ||
| 999 |
_c200131242 _d40352 |
||
| 003 | TR-AnTOB | ||
| 005 | 20240826144528.0 | ||
| 008 | 151231r20032011xxu 000 1 | ||
| 020 | _a9781451621754 (e-book) | ||
| 020 | _a9781451621747 | ||
| 040 |
_aDLC _beng _dTR-AnTOB _erda |
||
| 041 |
_aeng _bswe |
||
| 050 | 0 | 0 |
_aPT9877.22.A34 _bI2413 2011 |
| 090 | _aPT9877.22.A34 I2413 2011 | ||
| 100 | 1 |
_aLackberg, Camilla _995327 |
|
| 245 | 1 | 4 |
_aThe ice princess / _cCamilla Lackberg ; translated by Steven T.Murray. |
| 264 |
_a©2003,2009 _b |
||
| 264 | 1 |
_aNew York : _bPegasus Books, _c2011. |
|
| 300 |
_a391 pages : _billustration ; _c20 cm. |
||
| 336 |
_atext _2rdacontent |
||
| 337 |
_aunmediated _2rdamedia |
||
| 338 |
_avolume _2rdacarrier |
||
| 650 | 0 |
_aCity and town life _zSweden _vFiction _995472 |
|
| 650 | 0 |
_aKent ve kasaba yaşamı _zİsveç _vRoman _995471 |
|
| 700 | 1 |
_aSteven T. Murray _995328 |
|
| 942 | _cBK | ||